00859nam a2200217Ia 4500008004100000020002200041041000800063082001600071100002200087245003500109250001100144260004900155300000900204500004100213650002500254700002200279906000700301999001700308952015800325952015800483230125s9999 xx 000 0 und d a978-81-259-3120-1 aeng a658.15bPAN aPandian P9109634 aFinancial services and markets a2nd ed c2011bVikas Publishing House Pvt. Ltd.aPune a418p aFinancial markets;Financial services aFinancial Management aPandian P9109634 b82 c86336d86336 00104070aHIMRbHIMRd2012-03-03eForward Booksg330.00i5076l0o658.15 PAN B10983pHIMR-BK-10983r2023-01-25 00:00:00v248.00w2011-12-14yBKzB10983 00104070aHIMRbHIMRd2012-03-03eForward Booksg330.00i5076l0o658.15 PAN B10984pHIMR-BK-10984r2023-01-25 00:00:00v248.00w2011-12-14yBKzB10984